000 00826nas a2200253Ia 4500
001 R703/72117
003 IT-RoPAU
008 151124c99999999xx |||||||||||| ||und||
040 _aIT-RoPAU
040 _cIT-RoPAU
041 _aINGLESE
100 _aSalus Peter H.
_gCodice Aut. SPICS: 19552
210 _aSEMIOTICA
222 _aSemiotica
245 _aSEMIOTICA, VOL.70-N.1/2 (1988)
_bFinches And Tortoises
250 _a1a ed.
260 _aAMSTERDAM
_bMOUTON
_c1988
501 _bPaulus - SPICS - Società San Paolo EM (non-commercial uses only)
_cCopyright2015
300 _a6 p. [169-174]
362 _aVOL.70, N.1/2 (1988)
500 _aRiflessioni su Controversie Linguistiche e Linguaggio del Mito da Volumi di David Crystal e Roy Harris.
650 _aSEMIOTICA
_vPUBBLICAZIONE PERIODICA
942 _cCR
999 _c186602
_d186602